Juan Pablo II : beato 1920-2005 : un mensajero de fe, verdad y esperanza /
Recuento audiovisual de las visitas pastorales del Papa Juan Pablo II (1920-2005), que realizó a diversos lugares en su pontíficado, de manera especial en países socialistas y su encuentro con líderes políticos adscritos a tal regimen; así como el atentado contra su persona, su culto a la virgen Mar...
Guardat en:
| Autor principal: | |
|---|---|
| Altres autors: | |
| Format: | |
| Idioma: | espanyol |
| Matèries: | |
| Etiquetes: |
Sense etiquetes, Sigues el primer a etiquetar aquest registre!
|
MARC
| LEADER | 00000ngm^a2200000^a^4500 | ||
|---|---|---|---|
| 001 | 000315389 | ||
| 005 | 20250521000000.0 | ||
| 009 | 20260310113242.796 | ||
| 037 | |a Acervo ITESO - Biblioteca | ||
| 041 | |a ESP | ||
| 082 | |a 282. 1182 |b EWE | ||
| 100 | |a Ewence, Peter |e (producción ejecutiva) | ||
| 240 | 1 | 1 | |a [Juan Pablo II : beato 1920-2005: un mensajero de fe, verdad y esperanza] |
| 245 | 1 | 0 | |a Juan Pablo II : |b beato 1920-2005 : un mensajero de fe, verdad y esperanza / |c Prod. ejecutiva de P. Ewence, S. Carter. |
| 264 | 2 | |a México : |b En Pantalla Producciones Internacionales [distribución], |c copyright fecha no identificada | |
| 300 | |a 1 DVD multirregión (60 min.) : |b color | ||
| 336 | |a imagen móvil bidimensional |b tdi |2 rdacontenido | ||
| 337 | |a video |b v |2 rdamedio | ||
| 338 | |a videodisco |b vd |2 rdasoporte | ||
| 500 | |a Traducción de: Pope Juan Pablo II: The Conscience of the World | ||
| 520 | |a Recuento audiovisual de las visitas pastorales del Papa Juan Pablo II (1920-2005), que realizó a diversos lugares en su pontíficado, de manera especial en países socialistas y su encuentro con líderes políticos adscritos a tal regimen; así como el atentado contra su persona, su culto a la virgen María y su influencia por la unidad de los católicos. | ||
| 649 | |a XX | ||
| 650 | |a Papas - |x Biografías | ||
| 650 | |a Ministros Religiosos Polacos - |x Biografías | ||
| 650 | |a Religiosos Polacos - |x Biografías | ||
| 650 | |a Santos Polacos - |x Biografías | ||
| 650 | |a Virgen María - |x Culto | ||
| 650 | |a Iglesia Católica - |x Historia - |y Papa, 1978-2005 (San Juan Pablo II) - |x Tema Principal | ||
| 650 | |a Iglesia Católica - |x Historia - |y Siglo XX | ||
| 650 | |a Iglesia Católica - |x Historia - |y Siglo XXI | ||
| 650 | |a Asesinato Político - |z Italia - |x Historia - |y 1978-1985 | ||
| 650 | |a Visitas Papales - |z Europa Oriental - |x Historia - |y 1945-1989 | ||
| 650 | |a Visitas Papales - |z Europa Oriental - |x Historia - |y Siglo XX | ||
| 650 | |a Visitas Papales - |x Historia - |y 1978-2005 - |x Tema Principal | ||
| 650 | |a Visitas Papales - |x Historia - |y Siglo XX | ||
| 650 | |a Visitas Papales - |x Historia - |y Siglo XXI | ||
| 650 | |a Teología Pastoral | ||
| 650 | |a Catolicismo - |x Historia - |y Siglo XX | ||
| 650 | |a Catolicismo - |x Historia - |y Siglo XXI | ||
| 650 | |a Cristianismo y Política - |z Europa Oriental - |x Historia - |y 1945-1989 | ||
| 650 | |a Cristianismo y Política - |z Europa Oriental - |x Historia - |y Siglo XX | ||
| 650 | |a Cristianismo - |x Historia - |y Siglo XX | ||
| 650 | |a Cristianismo - |x Historia - |y Siglo XXI | ||
| 650 | |a Política y Religión - |z Europa Oriental - |x Historia - |y 1945-1989 | ||
| 650 | |a Política y Religión - |z Europa Oriental - |x Historia - |y Siglo XX | ||
| 650 | |a Religión - |x Historia - |y Siglo XX | ||
| 650 | |a Religión - |x Historia - |y Siglo XXI | ||
| 650 | |a Caída del Socialismo - |x Historia | ||
| 650 | |a Guerra Fría - |x Historia | ||
| 650 | |a Historia Moderna - |y 1945-1989 | ||
| 650 | |a Historia Moderna - |y Siglo XX | ||
| 650 | |a Historia Moderna - |y Siglo XXI | ||
| 650 | |a Juan Pablo II, Santo - |x Tema Principal | ||
| 650 | |a Ağca, Mehmet Ali | ||
| 700 | |a Carter, Sandra |e (producción ejecutiva) | ||
| 910 | |a Fondo General | ||
| 920 | |a Audiovisuales - DVDs | ||
| 905 | |a 302 | ||
| 901 | |a 0500211415 |b IT2 |c DVS |i C129527 |u 20250521 | ||
| 902 | |a https://opac.biblio.iteso.mx/vufind/Record/000315389 | ||